[Event "AUTO-OPEN-2090"]
[Site "http://www.queenalice.com/game.php?id=826866"]
[Date "2010.9.2"]
[Round "1"]
[White "jartuga99"]
[Black "Bishopscup"]
[Result "1-0"]
[WhiteElo "1983"]
[BlackElo "1746"]

1. e4 a6 2. d4 c6 3. c4 Qc7 4. Nf3 g6 5. Bd3 Bg7 6. e5 d6 7. Bf4 d5 8. c5 b6 9.
b4 Nh6 10. h3 O-O 11. Qd2 Nf5 12. g4 Nxd4 13. Nxd4 Bxe5 14. Be3 Nd7 15. cxb6
Nxb6 16. f4 Bg7 17. Nc3 e5 18. fxe5 Bxe5 19. O-O-O a5 20. b5 c5 21. Nc6 Bd6 22.
Bh6 Re8 23. Rhf1 c4 24. Bf5 Bf8 25. Bf4 Bd6 26. Bh6 Be6 27. Qd4 f6 28. Bc2 Be5
29. Bf4 Bf7 30. g5 Bxf4+ 31. Rxf4 f5 32. h4 Re6 33. h5 Rae8 34. h6 Re5 35. Nxe5
Rxe5 36. Bxf5 Kf8 37. Be6 Rxe6 38. Qh8+ Ke7 39. Rxf7+ Kxf7 40. Qg7+ Ke8 41. Qxc7
a4 42. Nxd5 Nxd5 43. Rxd5 Re7 44. Qc8+ Kf7 45. Qh8 1-0

[Event "AUTO-ADV-1910"]
[Site "http://www.queenalice.com/game.php?id=835519"]
[Date "2010.9.20"]
[Round "1"]
[White "chaosagent"]
[Black "Bishopscup"]
[Result "1-0"]
[WhiteElo "1764"]
[BlackElo "1781"]

1. e4 c6 2. d4 b5 3. c4 a6 4. cxb5 axb5 5. Be2 Nf6 6. e5 Nd5 7. Bg5 h6 8. Bh4
Qc7 9. Nf3 d6 10. a3 Nf4 11. Nc3 Nxg2+ 12. Kf1 Bh3 13. Kg1 Qd7 14. exd6 Nxh4 15.
Nxh4 exd6 16. Ng2 Be7 17. Nf4 Qf5 18. Nh5 O-O 19. Ng3 Qg6 20. Bf3 d5 21. Bg2
Bxg2 22. Kxg2 Nd7 23. Rg1 Nf6 24. Kh1 Qg5 25. Nge4 Qf5 26. Nxf6+ Bxf6 27. Qe2
Rae8 28. Qd2 Bg5 29. Qd1 Bh4 30. f3 Re6 31. Rf1 Qf4 32. Ne2 Qf6 33. Ng3 Rfe8 34.
Nh5 Qd8 35. Rg1 g6 36. Nf4 Rd6 37. Ng2 Be7 38. Qd2 Kh7 39. Rac1 Rf6 40. Rc3 Bd6
41. Rxc6 Qd7 42. Rc3 b4 43. Rb3 Qh3 44. Ne3 h5 45. Qg2 Qh4 46. axb4 Rf4 47. Qg5
1-0

[Event "AUTO-ADV-1910"]
[Site "http://www.queenalice.com/game.php?id=835520"]
[Date "2010.9.20"]
[Round "1"]
[White "Bishopscup"]
[Black "chaosagent"]
[Result "1-0"]
[WhiteElo "1860"]
[BlackElo "1637"]

1. e4 e5 2. Nf3 Nc6 3. c3 Nf6 4. Qa4 a6 5. d4 exd4 6. e5 b5 7. Qc2 Nd5 8. cxd4
Bb4+ 9. Nbd2 O-O 10. g3 Re8 11. a3 Ba5 12. Bg2 Bb7 13. O-O Nde7 14. Ne4 Bb6 15.
Neg5 Ng6 16. Re1 Nxd4 17. Qd3 Ne6 18. Qf5 Nxg5 19. Bxg5 Qb8 20. h4 h6 21. Be3 c5
22. h5 Nxe5 23. Rad1 Bc6 24. Bf4 f6 25. Nh4 Re7 26. Ng6 Rf7 27. Be4 Bc7 28. Ne7+
Rxe7 29. Qh7+ Kf8 30. Bxe5 Rxe5 31. Bg6 Qd8 32. Qh8+ Ke7 33. Qxg7+ Ke6 34. Qf7#
1-0

[Event "AUTO-ADV-1910"]
[Site "http://www.queenalice.com/game.php?id=835533"]
[Date "2010.9.20"]
[Round "1"]
[White "Pagano"]
[Black "Bishopscup"]
[Result "1-0"]
[WhiteElo "2058"]
[BlackElo "1785"]

1. e4 c6 2. d4 d6 3. Bc4 e6 4. Nf3 b5 5. Bb3 Be7 6. O-O Nf6 7. Qe2 d5 8. exd5
cxd5 9. Qxb5+ Bd7 10. Qe2 Qc7 11. Nc3 a6 12. Re1 O-O 13. Bg5 Re8 14. Bxf6 Bxf6
15. Nxd5 Qd8 16. Nxf6+ Qxf6 17. d5 Ra7 18. Rad1 Kf8 19. Ne5 Bc8 20. dxe6 fxe6
21. Rd3 Kg8 22. Rf3 Qg5 23. Nc4 Qd8 24. Rd1 Qc7 25. Nd6 Re7 26. Rc3 Nc6 27. Ba4
Bd7 28. Bxc6 Bxc6 29. Rcd3 Qa5 30. Nc8 Bd5 31. Nxe7+ Rxe7 32. Rxd5 Qxa2 33. Rd8+
Kf7 34. h4 Qxb2 35. R1d7 Qc1+ 36. Kh2 Qf4+ 37. g3 Qh6 38. Qf3+ Qf6 39. Qxf6+
gxf6 40. Rxe7+ Kxe7 41. Ra8 f5 42. Rxa6 h5 43. Ra8 Kf7 44. c4 e5 45. c5 f4 46.
c6 Kf6 47. c7 fxg3+ 48. fxg3 Kf5 49. c8=Q+ Ke4 50. Ra4+ Kd5 51. Qc4+ 1-0

[Event "AUTO-ADV-1910"]
[Site "http://www.queenalice.com/game.php?id=835534"]
[Date "2010.9.20"]
[Round "1"]
[White "Bishopscup"]
[Black "Pagano"]
[Result "0-1"]
[WhiteElo "1739"]
[BlackElo "2051"]

1. e4 a6 2. c3 b5 3. d4 Bb7 4. Qc2 e6 5. g3 c5 6. Be3 Nf6 7. Nd2 d6 8. h3 Nbd7
9. Bg2 Be7 10. Ngf3 Rc8 11. O-O O-O 12. Rad1 Qa5 13. a3 b4 14. axb4 cxb4 15. Ra1
Qc7 16. Ng5 h6 17. Ngf3 bxc3 18. e5 dxe5 19. dxe5 Nxe5 20. bxc3 Qxc3 21. Qxc3
Nxf3+ 22. Bxf3 Rxc3 23. Bxb7 a5 24. Rxa5 Bb4 25. Ra4 Rxe3 26. Rxb4 Rd3 27. Nc4
Rb8 28. Rfb1 Nd5 29. Bxd5 Rxb4 30. Rxb4 exd5 31. Ne5 Rd1+ 32. Kg2 f6 33. Rb8+
Kh7 34. Kf3 fxe5 35. Rb6 Re1 36. Rd6 d4 37. Re6 d3 38. Rd6 e4+ 39. Kf4 Re2 40.
f3 g5+ 41. Ke5 exf3+ 42. Kf6 Re8 43. Rd7+ Kg8 44. Rg7+ Kh8 45. Kg6 Re6+ 46. Kf7
Re7+ 47. Kxe7 Kxg7 0-1

[Event "AUTO-ADV-1910"]
[Site "http://www.queenalice.com/game.php?id=835543"]
[Date "2010.9.20"]
[Round "1"]
[White "Bishopscup"]
[Black "Korchnoico"]
[Result "1-0"]
[WhiteElo "1780"]
[BlackElo "1686"]

1. e4 e6 2. Nf3 d5 3. Nc3 dxe4 4. Nxe4 Nf6 5. Ng3 Be7 6. d4 O-O 7. Bd3 g6 8. Be3
Nd5 9. Bd2 b6 10. Qe2 Bb7 11. O-O-O c5 12. Rdg1 Qd7 13. c3 cxd4 14. Nxd4 Nc6 15.
Nb3 a5 16. Kb1 a4 17. Na1 Bf6 18. Ne4 Bg7 19. h4 Ne5 20. Bb5 Qd8 21. f4 Nd7 22.
Nc2 Nc5 23. Nxc5 bxc5 24. Rh3 Qc7 25. g4 Nxf4 26. Bxf4 Qxf4 27. Rf1 Qe4 28. Re3
Qg2 29. Ne1 Qxe2 30. Rxe2 Ba6 31. Bd3 Bxd3+ 32. Nxd3 c4 33. Nc5 Ra5 34. Nd7 Rd8
35. Nb6 Rb8 36. Nxc4 Rab5 37. Rf3 h6 38. Nd6 R5b6 39. Nxf7 Rf8 40. Ref2 Rbb8 41.
g5 hxg5 42. Nxg5 Rxf3 43. Rxf3 Re8 44. Kc2 e5 45. Ne4 Rf8 46. Rd3 Rf4 47. Rd8+
Kh7 48. Ng5+ Kh6 49. Rd7 Rxh4 50. Ne6 Rh2+ 51. Rd2 Rxd2+ 52. Kxd2 Bf6 53. c4 e4
54. b4 axb3 55. axb3 Be7 56. Ke3 g5 57. c5 Kg6 58. Kxe4 Kf6 59. Kd5 g4 60. c6
Ba3 61. c7 1-0

[Event "AUTO-ADV-1910"]
[Site "http://www.queenalice.com/game.php?id=835544"]
[Date "2010.9.20"]
[Round "1"]
[White "Korchnoico"]
[Black "Bishopscup"]
[Result "1-0"]
[WhiteElo "1693"]
[BlackElo "1765"]

1. c4 c5 2. Nc3 Nf6 3. e4 Nc6 4. d3 d6 5. Nf3 e6 6. Be3 Ng4 7. Be2 Nxe3 8. fxe3
Be7 9. d4 Bd7 10. d5 Nb4 11. a3 Na6 12. O-O Qb6 13. Rb1 O-O-O 14. dxe6 Bxe6 15.
Nd5 Bxd5 16. cxd5 Qc7 17. Bxa6 bxa6 18. Rc1 f6 19. b4 g5 20. bxc5 dxc5 21. Nd4
Qa5 22. Nc6 Qxa3 23. Nxe7+ Kd7 24. d6 Qxe3+ 25. Kh1 Rhf8 26. Qa4+ Ke6 27. Qc4+
Kd7 28. Qxa6 Ke8 29. Qb5+ Kf7 30. Qc4+ Kg7 31. Nf5+ Kg6 32. Nxe3 Rxd6 33. Qxc5
Rfd8 34. Qf5+ Kg7 35. Rc7+ Kf8 36. Qxh7 1-0

[Event "AUTO-ADV-1690"]
[Site "http://www.queenalice.com/game.php?id=840411"]
[Date "2010.10.1"]
[Round "2"]
[White "Bishopscup"]
[Black "XaraX"]
[Result "1-0"]
[WhiteElo "1792"]
[BlackElo "1927"]

1. e4 e5 2. Nf3 Nc6 3. Bb5 Nge7 4. c3 g6 5. O-O Bg7 6. d4 exd4 7. cxd4 O-O 8.
Re1 a6 9. Ba4 b5 10. Bb3 Bb7 11. Bg5 h6 12. Bh4 Na5 13. Bc2 Re8 14. Nbd2 d5 15.
e5 Qd7 16. Nf1 Nf5 17. b3 Nxh4 18. Nxh4 Nc6 19. Qd3 Qg4 20. Nf3 Nb4 21. Qc3 Nxc2
22. Qxc2 Qd7 23. h3 Re6 24. N1h2 f6 25. Qxg6 fxe5 26. Qg4 e4 27. Ne5 Qe7 28. f4
exf3 29. Nhxf3 Rf8 30. Kf1 c5 31. Ng6 Rxe1+ 32. Rxe1 Qf6 33. Nxf8 Qxf8 34. Qd7
Bc8 35. Qxd5+ Kh8 36. dxc5 Bxh3 37. gxh3 Bc3 38. Rc1 b4 39. c6 Qc8 40. Kg2 Qc7
41. Rf1 Qg7+ 42. Kh1 Qg3 43. Qd7 Bg7 44. c7 1-0

[Event "AUTO-ADV-1690"]
[Site "http://www.queenalice.com/game.php?id=840412"]
[Date "2010.10.1"]
[Round "2"]
[White "XaraX"]
[Black "Bishopscup"]
[Result "1-0"]
[WhiteElo "1922"]
[BlackElo "1874"]

1. d4 c6 2. c4 a6 3. a4 Nf6 4. Nc3 d6 5. Bg5 e6 6. e4 Be7 7. Nf3 Qc7 8. Be2 O-O
9. O-O Ng4 10. Bxe7 Qxe7 11. h3 Nf6 12. b3 Nh5 13. e5 Nf4 14. Ne4 f5 15. Nxd6
Bd7 16. Nxb7 Be8 17. Nc5 Bf7 18. Qd2 Nxe2+ 19. Qxe2 Nd7 20. Nxd7 Qxd7 21. Rad1
Bh5 22. Qe3 f4 23. Qd3 Rf5 24. Rd2 Raf8 25. Nh4 Rg5 26. Nf3 Bxf3 27. Qxf3 Rff5
28. Re1 Qf7 29. Qxc6 Qg6 30. Qf3 Qh6 31. c5 Rh5 32. Re4 g5 33. Kf1 g4 34. Qxg4+
Kf8 35. Rd3 f3 36. Rxf3 Rxf3 37. Qxf3+ Rf5 38. Qe3 Qg7 39. Rf4 Qd7 40. Rxf5+
exf5 41. Qf4 Kf7 42. g4 Qd5 43. Qxf5+ Kg7 44. Qd3 a5 45. Qc3 h6 46. Ke2 Qe4+ 47.
Qe3 Qc2+ 48. Kf3 Qd1+ 49. Kg3 Kg6 50. e6 Qg1+ 51. Kf4 Qh2+ 52. Qg3 Qh1 53. e7
Kf6 54. e8=Q Qc1+ 55. Qge3 Qc2 56. Q3e5# 1-0

[Event "AUTO-ADV-1993"]
[Site "http://www.queenalice.com/game.php?id=866707"]
[Date "2010.12.2"]
[Round "1"]
[White "frank_lasker"]
[Black "Bishopscup"]
[Result "1-0"]
[WhiteElo "1824"]
[BlackElo "1867"]

1. e4 c6 2. Nf3 d5 3. Nc3 Nf6 4. e5 Ne4 5. d3 Nxc3 6. bxc3 f6 7. exf6 exf6 8.
Nh4 Be6 9. Qh5+ Bf7 10. Qe2+ Be7 11. Nf5 Kd7 12. g3 g6 13. Nh6 Be6 14. c4 Qa5+
15. Bd2 Qa3 16. cxd5 Bxd5 17. Bh3+ Kd8 18. O-O c5 19. Be6 Bxe6 20. Qxe6 Rf8 21.
Nf7+ Ke8 22. Nd6+ Kd8 23. Qc8# 1-0

[Event "AUTO-ADV-1993"]
[Site "http://www.queenalice.com/game.php?id=866708"]
[Date "2010.12.2"]
[Round "1"]
[White "Bishopscup"]
[Black "frank_lasker"]
[Result "0-1"]
[WhiteElo "1819"]
[BlackElo "1894"]

1. e4 e5 2. c3 Nf6 3. Qa4 Bc5 4. Nf3 Nc6 5. d4 exd4 6. Nxd4 O-O 7. Bd3 Re8 8.
Nd2 d5 9. Ne2 Ng4 10. Nd4 Qf6 11. O-O Bd6 12. N2f3 dxe4 13. h3 Nxd4 14. Qxe8+
Bf8 15. Qxe4 Nxf3+ 16. Kh1 Qh4 17. Qxf3 Bd6 18. Bf4 g6 19. Rae1 Be6 20. Bxd6
cxd6 21. Qxb7 Rc8 22. Qxa7 Ne5 23. Ba6 Rd8 24. Qc7 Bxh3 25. Bb7 Be6+ 26. Kg1 Ng4
27. Qxd8+ Qxd8 28. g3 Qb6 29. Bf3 Ne5 30. Bg2 Qxb2 31. Rd1 Qb6 32. Rd4 Bxa2 33.
f4 Ng4 34. Re1 d5 35. Bf3 Nh6 36. g4 Qb3 37. Re3 f5 38. Rb4 Qa3 39. Rd4 fxg4 40.
Bxd5+ Bxd5 41. Rxd5 Nf5 42. Red3 Qc1+ 43. Kg2 Ne3+ 44. Rxe3 Qxe3 45. Rd8+ Kg7
0-1

[Event "AUTO-ADV-1993"]
[Site "http://www.queenalice.com/game.php?id=866721"]
[Date "2010.12.2"]
[Round "1"]
[White "miltonloviski"]
[Black "Bishopscup"]
[Result "1-0"]
[WhiteElo "1875"]
[BlackElo "1806"]

1. e4 g6 2. Nf3 c6 3. Bc4 b5 4. Bb3 Na6 5. Ng5 d5 6. Qf3 f6 7. Nh3 Nc5 8. exd5
Nxb3 9. axb3 cxd5 10. Nf4 Bb7 11. Nc3 Qd7 12. d4 e5 13. Nfxd5 Bd6 14. dxe5 Bxe5
15. Qd3 Bxc3+ 16. Nxc3 a6 17. Qxd7+ Kxd7 18. O-O Ne7 19. Rd1+ Ke6 20. Re1+ Kf7
21. Ne4 Nc8 22. Be3 Bxe4 23. c3 Re8 24. Bd4 Nd6 25. f3 Bb7 26. Kf2 h5 27. Bc5
Nf5 28. Red1 Bc6 29. c4 g5 30. Re1 Kg6 31. h3 Ng7 32. Rxe8 Rxe8 33. Rxa6 Bd7 34.
Bd4 Ne6 35. Bc3 1-0

[Event "AUTO-ADV-1993"]
[Site "http://www.queenalice.com/game.php?id=866722"]
[Date "2010.12.2"]
[Round "1"]
[White "Bishopscup"]
[Black "miltonloviski"]
[Result "0-1"]
[WhiteElo "1793"]
[BlackElo "1888"]

1. e4 e5 2. c3 Qf6 3. Nf3 Bc5 4. d4 exd4 5. Nxd4 Nc6 6. Be3 Nge7 7. Bc4 Nxd4 8.
cxd4 Bb6 9. O-O Nc6 10. e5 Qg6 11. f4 Qe4 12. Qd2 Bxd4 13. Bxd4 Qxd4+ 14. Qxd4
Nxd4 15. Nc3 c6 16. Rad1 Nf5 17. Ne4 Ne3 18. Nd6+ Ke7 19. Bxf7 Nxf1 20. Rxf1 g6
21. g4 Rf8 22. Bb3 b5 23. f5 Ba6 24. f6+ Kd8 25. g5 c5 26. Bd5 Rb8 27. h4 Kc7
28. Ne4 c4 29. e6 dxe6 30. Bxe6 Rbe8 31. Bd5 Rd8 32. Rd1 Bb7 33. Nc3 a6 34. Kf2
b4 0-1

[Event "AUTO-ADV-2032"]
[Site "http://www.queenalice.com/game.php?id=883312"]
[Date "2011.1.8"]
[Round "1"]
[White "galopin"]
[Black "Bishopscup"]
[Result "1-0"]
[WhiteElo "1813"]
[BlackElo "1749"]

1. e4 g6 2. d4 Bg7 3. Nc3 e5 4. Nf3 exd4 5. Nxd4 c5 6. Nf3 d6 7. Bf4 Qb6 8. Rb1
a6 9. Bxd6 Nc6 10. Nd5 Qa5+ 11. c3 Kd7 12. Nc7 Bxc3+ 13. bxc3 Qxc3+ 14. Nd2 Ra7
15. Rb3 Qa5 16. Bg3 Nd4 17. Rd3 Ne7 18. Be2 f6 19. O-O Kc6 20. Nd5 b6 21. Nxe7+
1-0

[Event "AUTO-ADV-2032"]
[Site "http://www.queenalice.com/game.php?id=883313"]
[Date "2011.1.8"]
[Round "1"]
[White "Bishopscup"]
[Black "galopin"]
[Result "0-1"]
[WhiteElo "1764"]
[BlackElo "1798"]

1. d4 Nf6 2. c4 g6 3. Nc3 Bg7 4. e4 d6 5. Bd3 Nc6 6. d5 Ne5 7. Be2 c6 8. b4 cxd5
9. exd5 Qb6 10. h3 Qxb4 11. Qb3 Qc5 12. Be3 Qb6 13. Bxb6 axb6 14. Nf3 O-O 15.
O-O Bd7 16. Qxb6 Nxf3+ 17. Bxf3 Rfb8 18. Rac1 Ne8 19. Ne4 Ra6 20. Qe3 Rxa2 21.
c5 Be5 0-1

[Event "AUTO-ADV-2032"]
[Site "http://www.queenalice.com/game.php?id=883328"]
[Date "2011.1.8"]
[Round "1"]
[White "Janivgm"]
[Black "Bishopscup"]
[Result "0-1"]
[WhiteElo "1809"]
[BlackElo "1849"]

1. e4 g6 2. d4 Bg7 3. Nf3 d5 4. e5 f6 5. Bf4 Nc6 6. Bb5 Bd7 7. O-O e6 8. Nc3 Nb8
9. Re1 a6 10. Bxd7+ Nxd7 11. h4 Ne7 12. b4 fxe5 13. Nxe5 Nf5 14. g3 Qe7 15. a3
O-O-O 16. Bg5 Bf6 17. Bxf6 Qxf6 18. Nf3 h6 19. Qd3 Rhg8 20. Re2 g5 21. hxg5 hxg5
22. Rae1 Nf8 23. Na4 Rh8 24. Nc5 Rd6 25. c3 Nh6 26. Nd2 Rb6 27. Ndb3 Ng4 28. f3
Nh6 29. g4 Qf4 30. Kg2 Nxg4 31. fxg4 Rh2+ 32. Kg1 Qxg4+ 33. Kf1 Rh1+ 34. Kf2 Rh3
35. Qd2 Qf3+ 36. Kg1 Rh1# 0-1

[Event "AUTO-ADV-2032"]
[Site "http://www.queenalice.com/game.php?id=883329"]
[Date "2011.1.8"]
[Round "1"]
[White "Bishopscup"]
[Black "Janivgm"]
[Result "0-1"]
[WhiteElo "1836"]
[BlackElo "1813"]

1. d4 d5 2. b3 Nc6 3. e3 Bf5 4. Bb2 Nf6 5. c4 e6 6. a3 a5 7. cxd5 Qxd5 8. Nc3
Qd7 9. Be2 O-O-O 10. Nf3 h5 11. g3 Be4 12. Nxe4 Nxe4 13. O-O g6 14. Bb5 Qd5 15.
Bc4 Qd7 16. Qe2 Rg8 17. Rad1 Bg7 18. Ne5 Bxe5 19. f3 Nxg3 20. hxg3 Bxg3 21. f4
Ne7 22. e4 c6 23. Qe3 h4 24. Bc3 b6 25. d5 c5 26. b4 exd5 27. Ba6+ Kb8 28. Kg2
d4 29. Qg1 Qa7 30. Rxd4 cxd4 31. Bxd4 Qxa6 32. Kf3 Qd3+ 33. Be3 f5 34. e5 Nd5
35. Rd1 Qxe3+ 36. Qxe3 Nxe3 37. Rxd8+ Rxd8 38. Kxe3 Kc7 39. Kf3 Rd3+ 40. Ke2
Rxa3 41. b5 a4 42. e6 Rb3 43. e7 Kd7 0-1

[Event "AUTO-ADV-2032"]
[Site "http://www.queenalice.com/game.php?id=883338"]
[Date "2011.1.8"]
[Round "1"]
[White "Lopesq"]
[Black "Bishopscup"]
[Result "1-0"]
[WhiteElo "1918"]
[BlackElo "1849"]

1. Nf3 d5 2. d4 f6 3. c3 c5 4. dxc5 e5 5. e4 Bxc5 6. Qxd5 Nd7 7. Bb5 Qb6 8.
Bxd7+ Bxd7 9. O-O Ne7 10. Qd1 O-O-O 11. b4 Bd6 12. a4 Qc7 13. Be3 Kb8 14. Qb3 f5
15. Bg5 f4 16. Rd1 Rhe8 17. a5 h6 18. Bxe7 Rxe7 19. b5 Be6 20. Qb2 Qc8 21. Qc2
g5 22. a6 b6 23. Rxd6 Rxd6 24. Nxe5 Ka8 25. Nc6 Re8 26. Na3 Bd7 27. Nb4 h5 28.
c4 Rd4 29. Nd5 Re5 30. f3 Qc5 31. h3 Rd2+ 32. Kh1 Rxc2 33. Nxc2 1-0

[Event "AUTO-ADV-2032"]
[Site "http://www.queenalice.com/game.php?id=883339"]
[Date "2011.1.8"]
[Round "1"]
[White "Bishopscup"]
[Black "Lopesq"]
[Result "0-1"]
[WhiteElo "1863"]
[BlackElo "1904"]

1. d4 d5 2. b3 Bf5 3. f3 e6 4. Be3 Be7 5. Bf2 Nf6 6. a3 O-O 7. c4 dxc4 8. g4 Bg6
9. Nc3 c6 10. b4 b5 11. h4 h6 12. e3 Nbd7 13. Nh3 Nd5 14. Rc1 Bxh4 15. Qe2 Bxf2+
16. Nxf2 Re8 17. e4 Nf4 18. Qe3 Nd3+ 19. Nxd3 cxd3 20. Bxd3 e5 21. d5 cxd5 22.
Nxd5 Rc8 23. Rd1 a6 24. Qd2 Rb8 25. Qe3 Re6 26. f4 Bh7 27. f5 Re8 28. Rh5 Nf6
29. Nxf6+ Qxf6 30. g5 hxg5 31. Kd2 Red8 32. Rdh1 Rxd3+ 33. Kxd3 Qd6+ 0-1